[Event "23e tournoi de Noël"]
[Site "Montigny le Bretonneux"]
[Date "2024.12.27"]
[Round "1.1"]
[White "Ben Khelifa, Noomene"]
[Black "Benkaci, Massin"]
[Result "1-0"]
[WhiteElo "2049"]
[BlackElo "1655"]
[Annotator "Rivier,Sylvain"]
[PlyCount "52"]
[EventDate "2024.??.??"]
[WhiteTeam "Cavalier Bleu Drancy"]
[BlackTeam "Club du Canal St-Martin Paris"]

{Gambit dame, défense semi-slave} 1. d4 d5 2. c4 e6 3. Nc3 Nf6 4. e3 Nbd7 5.
Nf3 Be7 6. Bd3 O-O 7. O-O c6 8. e4 dxe4 9. Nxe4 Nxe4 10. Bxe4 Nf6 11. Bc2 b6
12. Qd3 h6 13. Ne5 Bb7 14. Ng4 Re8 15. Rd1 h5 16. Nxf6+ Bxf6 17. Qh7+ Kf8 18.
Qxh5 Ke7 19. Bf4 Rh8 20. Qg4 Rh4 21. Qg3 Qd7 22. Rd2 Rah8 23. h3 R4h5 24. Rad1
Bh4 25. Qf3 c5 26. dxc5 Qc8 1-0

[Event "23e tournoi de Noël"]
[Site "Montigny le Bretonneux"]
[Date "2024.12.27"]
[Round "1.2"]
[White "Imbert, Nicolas"]
[Black "Korte, Markus"]
[Result "0-1"]
[WhiteElo "1640"]
[BlackElo "1970"]
[Annotator "Rivier,Sylvain"]
[PlyCount "70"]
[EventDate "2024.??.??"]
[WhiteTeam "Saint-Quentin en Yvelines"]
[BlackTeam "Ecole Française d'Echecs de Metz"]

{Partie du pion dame} 1. d4 d5 2. Bf4 Nf6 3. e3 c5 4. Nd2 Qb6 5. dxc5 Qxb2 6.
Rb1 Qc3 7. Ngf3 Nc6 8. Bb5 Bg4 9. O-O Qxc5 10. c4 e6 11. Qa4 Bxf3 12. Nxf3 Rc8
13. Rfc1 a6 14. Bxc6+ Qxc6 15. Qxc6+ bxc6 16. Ne5 Bd6 17. Nxf7 Bxf4 18. Nxh8
Bc7 19. Rb7 c5 20. Ra7 a5 21. cxd5 exd5 22. Rxc5 Bxh2+ 23. Kxh2 Rxc5 24. Nf7
Rc2 25. Nd6+ Kf8 26. Ra8+ Ke7 27. Nf5+ Kf7 28. Rxa5 Ng4+ 29. Kg3 Nxf2 30. Ra7+
Kf6 31. Nxg7 Ne4+ 32. Kf4 Rf2+ 33. Kg4 Rxg2+ 34. Kf3 Rg3+ 35. Ke2 Rxg7 0-1

[Event "23e tournoi de Noël"]
[Site "Montigny le Bretonneux"]
[Date "2024.12.27"]
[Round "1.3"]
[White "Wuthrich, Guillaume"]
[Black "Neveu, Raphael"]
[Result "1-0"]
[WhiteElo "1959"]
[BlackElo "1640"]
[Annotator "Rivier,Sylvain"]
[PlyCount "63"]
[EventDate "2024.??.??"]
[WhiteTeam "Le Cavalier de La Reine Bourg-La-Reine"]
[BlackTeam "La Dame Noire"]

{Défense ouest-indienne} 1. d4 Nf6 2. c4 e6 3. g3 Bb4+ 4. Bd2 Be7 5. Bg2 d5 6.
Nf3 O-O 7. O-O b6 8. cxd5 exd5 9. Nc3 Bb7 10. Rc1 Nbd7 11. Bf4 Nh5 12. Qd2 Nxf4
13. Qxf4 Bd6 14. Qf5 c6 15. e4 dxe4 16. Nxe4 Be7 17. Rfd1 Nf6 18. Ne5 Rc8 19.
Nxf6+ Bxf6 20. Bxc6 Bxe5 21. Bxb7 Rxc1 22. Rxc1 Qxd4 23. Re1 Bf6 24. Bd5 g6 25.
Qd7 Qxb2 26. Re8 Rxe8 27. Qxf7+ Kh8 28. Qxe8+ Kg7 29. Qf7+ Kh6 30. Qf8+ Kg5 31.
h4+ Kf5 32. Qc8+ 1-0

[Event "23e tournoi de Noël"]
[Site "Montigny le Bretonneux"]
[Date "2024.12.27"]
[Round "1.4"]
[White "Corbillet, Mathieu"]
[Black "Divies, Renaud"]
[Result "0-1"]
[WhiteElo "1631"]
[BlackElo "1922"]
[Annotator "Rivier,Sylvain"]
[PlyCount "60"]
[EventDate "2024.??.??"]
[WhiteTeam "La Dame Noire"]
[BlackTeam "Club d'Echecs du Vesinet"]

{Défense sicilienne, variante Paulsen} 1. e4 c5 2. Nf3 e6 3. Nc3 a6 4. d4 cxd4
5. Nxd4 Qc7 6. a3 b5 7. Bd3 Bb7 8. Be3 Nf6 9. Qf3 Nc6 10. Nce2 Ne5 11. Qf4 Bd6
12. Qh4 Ng6 13. Qh3 Bxe4 14. Bxe4 Nxe4 15. Qf3 Qb7 16. Nc3 Nc5 17. b4 Qxf3 18.
Nxf3 Nb7 19. Rd1 Be7 20. Ne4 d5 21. Ng3 Rc8 22. Rc1 Bf6 23. Bd4 e5 24. Ba1 O-O
25. O-O Rc6 26. Nh5 Rfc8 27. Nxf6+ gxf6 28. c3 d4 29. Nd2 Nf4 30. Rce1 dxc3 0-1

[Event "23e tournoi de Noël"]
[Site "Montigny le Bretonneux"]
[Date "2024.12.27"]
[Round "1.5"]
[White "Imbert, Christophe"]
[Black "Barthere, Gilles"]
[Result "1-0"]
[WhiteElo "1902"]
[BlackElo "1630"]
[Annotator "Rivier,Sylvain"]
[PlyCount "83"]
[EventDate "2024.??.??"]
[WhiteTeam "Club d'Echecs du Vesinet"]
[BlackTeam "CE Le Roi Soleil - Le Chesnay - Versailles"]

{Défense sicilienne, système fermé} 1. e4 c5 2. Nc3 Nc6 3. g3 d6 4. Bg2 Nf6
5. d3 e5 6. Nge2 Be7 7. h3 Bd7 8. f4 a6 9. Be3 b5 10. Qd2 Qa5 11. O-O Nd4 12.
Nc1 O-O 13. fxe5 dxe5 14. Nd5 Qd8 15. Nxe7+ Qxe7 16. c3 Nc6 17. Qf2 Rfd8 18.
Bxc5 Qe8 19. Be3 Ne7 20. Bg5 Nh5 21. g4 f6 22. Be3 Nf4 23. Bxf4 exf4 24. Qxf4
Bc6 25. Qg3 Ng6 26. Ne2 Ne5 27. Rad1 Qe6 28. b3 Qd6 29. d4 Nf7 30. Qxd6 Rxd6
31. b4 Rad8 32. Rde1 Ng5 33. Ng3 Be8 34. e5 fxe5 35. Rxe5 h6 36. Nf5 Rf6 37. h4
Nf7 38. Re7 Bc6 39. Bxc6 Rxc6 40. Nxg7 Rf8 41. Ne6 Rxc3 42. Nxf8 1-0

[Event "23e tournoi de Noël"]
[Site "Montigny le Bretonneux"]
[Date "2024.12.27"]
[Round "1.6"]
[White "Moulun, Raphael"]
[Black "Greuthier, Alois"]
[Result "0-1"]
[WhiteElo "1597"]
[BlackElo "1875"]
[Annotator "Rivier,Sylvain"]
[PlyCount "108"]
[EventDate "2024.??.??"]
[WhiteTeam "La Dame Noire"]
[BlackTeam "L'Echiquier Royal de Châtenoy le Royal"]

{Ouverture Bird} 1. f4 d5 2. c4 d4 3. Nf3 Nf6 4. d3 e6 5. e4 dxe3 6. Bxe3 Be7
7. Be2 O-O 8. Ne5 c5 9. Bf3 Nbd7 10. O-O Qc7 11. Ng4 Nxg4 12. Bxg4 Nf6 13. Bf3
Rd8 14. Qe2 Bd6 15. g3 Bd7 16. Nc3 a6 17. Ne4 Be7 18. b3 Bc6 19. Rad1 Rd7 20.
Rd2 Rad8 21. Rfd1 b6 22. Qg2 Nxe4 23. dxe4 e5 24. f5 Qb7 25. Rxd7 Rxd7 26. Rxd7
Qxd7 27. Qd2 Qb7 28. Qd3 b5 29. Qc2 b4 30. Kf2 h6 31. h4 a5 32. Kg2 Qa8 33. Kh3
a4 34. g4 axb3 35. axb3 f6 36. h5 Qa3 37. Kh4 Kf7 38. Bc1 Qa1 39. Qb2 Qa8 40.
Qc2 Qd8 41. Be3 Ke8 42. Qd2 Qa8 43. Qd3 Qa2 44. Bd2 Qb2 45. Kg3 Qd4 46. Qe2 Bb7
47. Be3 Qc3 48. Qd2 Qxb3 49. Bxh6 gxh6 50. Qxh6 Bxe4 51. Qg6+ Kd7 52. Qh6 Qxf3+
53. Kh4 Qh1+ 54. Kg3 Qg2+ 0-1

[Event "23e tournoi de Noël"]
[Site "Montigny le Bretonneux"]
[Date "2024.12.27"]
[Round "1.7"]
[White "Kvashyna, Tetyana"]
[Black "Foveau, Guillaume"]
[Result "1-0"]
[WhiteElo "1848"]
[BlackElo "1588"]
[Annotator "Rivier,Sylvain"]
[PlyCount "95"]
[EventDate "2024.??.??"]
[WhiteTeam "Arcueil Chessland"]
[BlackTeam "La Dame Noire"]

{Partie du pion dame} 1. d4 Nf6 2. Nf3 e6 3. e3 Be7 4. Bd3 O-O 5. Nbd2 d5 6.
O-O Nbd7 7. b3 b6 8. Bb2 Bb7 9. a3 c5 10. Rc1 cxd4 11. exd4 Re8 12. Re1 a6 13.
Ne5 Nf8 14. Qe2 h6 15. f4 N6d7 16. Qh5 Nxe5 17. fxe5 Bg5 18. Rcd1 Bxd2 19. Rxd2
Qg5 20. Qxg5 hxg5 21. Rf2 Re7 22. Bc1 Nh7 23. Ref1 g6 24. a4 a5 25. Ba3 Rc7 26.
Bd6 Rcc8 27. Rxf7 Ba6 28. Bxa6 Rxa6 29. Re7 Nf8 30. h3 b5 31. axb5 Rb6 32. Bc5
Rxb5 33. Rff7 Rbb8 34. Ra7 Ra8 35. Rxa8 Rxa8 36. Rxf8+ Rxf8 37. Bxf8 Kxf8 38.
g4 Ke7 39. Kf2 Kd7 40. Ke2 Kc6 41. Kd3 Kb5 42. c3 Kc6 43. c4 dxc4+ 44. Kxc4 Kb6
45. d5 exd5+ 46. Kxd5 Kc7 47. Ke6 Kd8 48. Kf7 1-0

[Event "23e tournoi de Noël"]
[Site "Montigny le Bretonneux"]
[Date "2024.12.27"]
[Round "1.8"]
[White "Nicol, Christian"]
[Black "Sanchez-Narboni, Quentin"]
[Result "1-0"]
[WhiteElo "1579"]
[BlackElo "1841"]
[Annotator "Rivier,Sylvain"]
[PlyCount "110"]
[EventDate "2024.??.??"]
[WhiteTeam "Saint-Quentin en Yvelines"]
[BlackTeam "GIF-CC2-Echecs"]

{Partie du pion dame} 1. d4 e6 2. Bf4 d5 3. e3 Bd6 4. Bg3 Nf6 5. Nf3 Ne4 6. Ne5
Nxg3 7. hxg3 Bxe5 8. dxe5 c5 9. Bd3 h6 10. Qg4 Kf8 11. Nd2 Nc6 12. f4 c4 13.
Be2 Qb6 14. b3 cxb3 15. Nxb3 Qxe3 16. Qf3 Qxf3 17. Bxf3 f6 18. O-O-O fxe5 19.
c4 e4 20. cxd5 exf3 21. dxc6 fxg2 22. Rhg1 Ke7 23. Rxg2 bxc6 24. Nc5 Re8 25.
Re2 Kf7 26. Rd6 Rb8 27. Rxc6 Re7 28. Re5 Bb7 29. Rcxe6 Rc7 30. Rd6 Rbc8 31. Kb2
Bc6 32. Ne6 Rd7 33. Rxd7+ Bxd7 34. Nd4 a6 35. Ra5 Rc4 36. Nf3 Rb4+ 37. Kc3 Rb6
38. Ne5+ Ke7 39. Nxd7 Kxd7 40. Kc4 Rc6+ 41. Kd5 Rg6 42. Ra3 Rb6 43. Ke5 Rb5+
44. Ke4 a5 45. Rb3 Kc6 46. Rxb5 Kxb5 47. Kf5 Kb4 48. Kg6 Ka3 49. Kxg7 Kxa2 50.
f5 a4 51. f6 a3 52. f7 Kb1 53. f8=Q a2 54. Qf1+ Kb2 55. Kxh6 a1=Q 1-0

[Event "23e tournoi de Noël"]
[Site "Montigny le Bretonneux"]
[Date "2024.12.27"]
[Round "1.9"]
[White "Conq, Alain"]
[Black "Couradin, Bruno"]
[Result "1-0"]
[WhiteElo "1831"]
[BlackElo "1577"]
[Annotator "Rivier,Sylvain"]
[PlyCount "81"]
[EventDate "2024.??.??"]
[WhiteTeam "Echiquier Scéen - Sceaux"]
[BlackTeam "La Dame Noire"]

{Gambit dame, système Ragozin} 1. d4 d5 2. c4 e6 3. Nc3 Nf6 4. Nf3 Nc6 5. Bf4
Bb4 6. a3 Bd6 7. Bxd6 Qxd6 8. e3 a6 9. c5 Qd8 10. Bd3 O-O 11. O-O Re8 12. e4
dxe4 13. Nxe4 Nxd4 14. Nxf6+ Qxf6 15. Nxd4 g6 16. Nb3 Rd8 17. Qc2 e5 18. Be4 c6
19. Rfd1 Be6 20. Na5 Qe7 21. b4 f5 22. Rxd8+ Rxd8 23. Bxc6 Rb8 24. Rd1 Qc7 25.
Bd5 Bf7 26. Bxf7+ Kxf7 27. Rd6 b6 28. Qd2 Ke8 29. cxb6 Rxb6 30. Rxb6 Qxb6 31.
g3 Qc7 32. Nb3 Ke7 33. Nc5 Qc6 34. Qh6 Ke8 35. Qxh7 a5 36. Qh8+ Ke7 37. Qxe5+
Kf7 38. bxa5 Qb5 39. a6 Qb6 40. Qe6+ Qxe6 41. Nxe6 1-0

[Event "23e tournoi de Noël"]
[Site "Montigny le Bretonneux"]
[Date "2024.12.27"]
[Round "1.10"]
[White "Fasquelle, Yann"]
[Black "Gauthier, Laurent"]
[Result "0-1"]
[WhiteElo "1563"]
[BlackElo "1831"]
[Annotator "Rivier,Sylvain"]
[PlyCount "63"]
[EventDate "2024.??.??"]
[WhiteTeam "Saint-Quentin en Yvelines"]
[BlackTeam "Les Tours d'Angoulême"]

{Défense sicilienne, variante Lölwenthal} 1. e4 c5 2. Nf3 Nc6 3. d4 cxd4 4.
Nxd4 e5 5. Nb3 Nf6 6. f3 a6 7. Be3 Be7 8. Nc3 O-O 9. a3 d6 10. Bd3 Be6 11. Qe2
Rc8 12. O-O b5 13. Rad1 Nd7 14. f4 Qc7 15. f5 Bxb3 16. cxb3 Nf6 17. g4 Nd4 18.
Qg2 h6 19. Qh3 Qd8 20. Kh1 Nh7 21. Qg2 Bg5 22. Bxd4 exd4 23. Nd5 Nf6 24. h4
Bxh4 25. Rf3 Nxd5 26. exd5 Bg5 27. Rh3 Qf6 28. Qg1 Rfe8 29. Qf1 Qe5 30. a4
Qxd5+ 31. Kh2 Qxb3 32. axb5 0-1

[Event "23e tournoi de Noël"]
[Site "Montigny le Bretonneux"]
[Date "2024.12.27"]
[Round "1.11"]
[White "Crouzet, Leo"]
[Black "Ndika, Anthony"]
[Result "1-0"]
[WhiteElo "1829"]
[BlackElo "1538"]
[Annotator "Rivier,Sylvain"]
[PlyCount "89"]
[EventDate "2024.??.??"]
[WhiteTeam "GIF-CC2-Echecs"]
[BlackTeam "L'Hay les Roses Echecs et Mat"]

{Défense française, variante Steinitz} 1. e4 e6 2. Nf3 d5 3. Nc3 Nf6 4. e5
Nfd7 5. d4 c5 6. dxc5 Bxc5 7. Bd3 Nc6 8. Bf4 f6 9. exf6 Nxf6 10. O-O O-O 11.
Ne5 a6 12. Qe2 Nb4 13. a3 Nxd3 14. Qxd3 Bd6 15. Bg3 Nh5 16. Rae1 Nxg3 17. Qxg3
Rf5 18. Kh1 Qf6 19. Ng4 Bxg3 20. Nxf6+ gxf6 21. hxg3 Rh5+ 22. Kg1 Kf7 23. f4 f5
24. Re5 Rh6 25. Rfe1 Rg6 26. Kf2 b5 27. Ne2 Bd7 28. Nd4 Re8 29. Nf3 Kg7 30. Nh4
Rf6 31. Kf3 Rc8 32. c3 Rc4 33. Kf2 Re4 34. Nf3 Rxe1 35. Rxe1 Rh6 36. Ke3 Kf8
37. Kd4 Ke8 38. Ne5 Rh2 39. Re2 Kd8 40. Kc5 Bc8 41. Kd6 Rh1 42. Nf7+ Ke8 43.
Kc7 Bd7 44. Ne5 Rd1 45. Nxd7 1-0

[Event "23e tournoi de Noël"]
[Site "Montigny le Bretonneux"]
[Date "2024.12.27"]
[Round "1.12"]
[White "Pages, Clement"]
[Black "Artieres, Michel"]
[Result "0-1"]
[WhiteElo "1538"]
[BlackElo "1807"]
[Annotator "Rivier,Sylvain"]
[PlyCount "104"]
[EventDate "2024.??.??"]
[WhiteTeam "L'Hay les Roses Echecs et Mat"]
[BlackTeam "La Dame Noire"]

{Défense sicilienne, variante Alapine} 1. e4 c5 2. Nf3 e6 3. c3 Nc6 4. d4 cxd4
5. cxd4 d5 6. Bd3 Nb4 7. e5 Nxd3+ 8. Qxd3 Bd7 9. O-O Ne7 10. Bg5 Qb6 11. Qd2 h6
12. Bh4 Nf5 13. Nc3 Nxh4 14. Nxh4 Be7 15. Nf3 O-O 16. Rac1 Rac8 17. Rc2 f6 18.
Rfc1 Qa5 19. a3 Qa6 20. h3 Bc6 21. exf6 Bxf6 22. Re1 Bd7 23. Ne5 Bg5 24. Qd1
Qd6 25. Qd3 Bc6 26. Rce2 Rce8 27. g3 Bf6 28. Re3 a6 29. Rf3 Bxe5 30. Rxe5 Rxf3
31. Qxf3 Rf8 32. Qe2 Bd7 33. g4 Qe7 34. Qe3 Qf6 35. Kg2 Qf4 36. Qxf4 Rxf4 37.
Ne2 Rf8 38. Kg3 Rc8 39. f4 Rc2 40. b3 Bb5 41. Kf3 Kf7 42. f5 Rxe2 43. Rxe2
Bxe2+ 44. Kxe2 exf5 45. gxf5 Kf6 46. Kf3 Kxf5 47. a4 a5 48. h4 g5 49. Kg3 gxh4+
50. Kxh4 Ke4 51. Kg3 Kxd4 52. Kf4 Kc3 0-1

[Event "23e tournoi de Noël"]
[Site "Montigny le Bretonneux"]
[Date "2024.12.27"]
[Round "1.13"]
[White "Kunne, Ronald"]
[Black "Meddour, Ithri"]
[Result "1-0"]
[WhiteElo "1803"]
[BlackElo "1483"]
[Annotator "Rivier,Sylvain"]
[PlyCount "31"]
[EventDate "2024.??.??"]
[WhiteTeam "Club d'Echecs d'Orsay"]
[BlackTeam "Saint-Quentin en Yvelines"]

{Défense sicilienne, variante O'Kelly} 1. e4 c5 2. Nf3 a6 3. c4 Nc6 4. d4 cxd4
5. Nxd4 Nf6 6. Nc3 e5 7. Nc2 Bb4 8. Nxb4 Nxb4 9. a3 Nc6 10. Be3 Qc7 11. Bc5 b6
12. Bd6 Qa7 13. f4 exf4 14. e5 Ng8 15. Nd5 Kd8 16. Qg4 1-0

[Event "23e tournoi de Noël"]
[Site "Montigny le Bretonneux"]
[Date "2024.12.27"]
[Round "1.14"]
[White "Garabedian, Christophe"]
[Black "Weens, William"]
[Result "0-1"]
[WhiteElo "1476"]
[BlackElo "1782"]
[Annotator "Rivier,Sylvain"]
[PlyCount "62"]
[EventDate "2024.??.??"]
[WhiteTeam "La Dame Noire"]
[BlackTeam "ECHECS 78"]

{Partie du pion dame} 1. d4 d5 2. Bf4 Nf6 3. Nc3 e6 4. g4 Nxg4 5. e3 Nf6 6. Nf3
Bd6 7. Ne5 a6 8. Bd3 c5 9. dxc5 Bxc5 10. Rg1 Bf8 11. Qf3 Nc6 12. Ne2 g6 13.
O-O-O Bg7 14. Nxc6 bxc6 15. e4 Nh5 16. Be3 Rb8 17. Nd4 Qc7 18. Qe2 c5 19. exd5
cxd4 20. Bg5 O-O 21. Qd2 Qb6 22. b3 a5 23. Be7 Re8 24. Ba3 a4 25. b4 Qd6 26.
Bc4 exd5 27. Bd3 Nf4 28. Rde1 Nxd3+ 29. cxd3 Bf5 30. Ref1 Rec8+ 31. Kd1 Rc3 0-1

[Event "23e tournoi de Noël"]
[Site "Montigny le Bretonneux"]
[Date "2024.12.27"]
[Round "1.15"]
[White "Martin, Gabriel"]
[Black "Chakour, Samir"]
[Result "1-0"]
[WhiteElo "1753"]
[BlackElo "1461"]
[Annotator "Rivier,Sylvain"]
[PlyCount "73"]
[EventDate "2024.??.??"]
[WhiteTeam "Club d'Echecs d'Orsay"]
[BlackTeam "Saint-Quentin en Yvelines"]

{Gambit dame} 1. d4 e6 2. c4 d5 3. Nc3 Nf6 4. Bg5 Be7 5. e3 h6 6. Bh4 c5 7.
dxc5 Bxc5 8. cxd5 g5 9. Bg3 exd5 10. Nf3 Nc6 11. Qb3 Bf5 12. Qxb7 Rc8 13. Bb5
O-O 14. Bxc6 Re8 15. Bxe8 Qxe8 16. O-O Kg7 17. Rfd1 Rd8 18. Be5 Rd7 19. Qb3 Kg6
20. Bxf6 Kxf6 21. Nxd5+ Kg7 22. Qc3+ f6 23. Qxf6+ Kg8 24. Qxf5 Rf7 25. Qg6+ Kh8
26. Qxh6+ Rh7 27. Qf6+ Kg8 28. Qxg5+ Rg7 29. Nf6+ Kf8 30. Qxc5+ Qe7 31. Qxe7+
Kxe7 32. Rd7+ Kxf6 33. Rxg7 Kxg7 34. Rc1 Kf6 35. b4 Ke6 36. b5 Kd6 37. a4 1-0

[Event "23e tournoi de Noël"]
[Site "Montigny le Bretonneux"]
[Date "2024.12.27"]
[Round "1.16"]
[White "Derain, Jacky"]
[Black "Fasquelle, Cedric"]
[Result "0-1"]
[WhiteElo "1458"]
[BlackElo "1739"]
[Annotator "Rivier,Sylvain"]
[PlyCount "128"]
[EventDate "2024.??.??"]
[WhiteTeam "L'Isle-Adam Echecs"]
[BlackTeam "Saint-Quentin en Yvelines"]

{Ouverture du pion dame} 1. d4 Nf6 2. Nc3 e6 3. Bf4 b6 4. e3 Bb7 5. Nf3 Nh5 6.
Bg3 Nxg3 7. hxg3 Bb4 8. Ne5 d6 9. Nd3 Bxc3+ 10. bxc3 Nd7 11. f3 Qg5 12. Kf2
O-O-O 13. Be2 e5 14. a4 f5 15. f4 Qe7 16. a5 exf4 17. exf4 Nf6 18. Bf3 Ne4+ 19.
Bxe4 fxe4 20. Re1 Qf7 21. Nb2 h5 22. Ke3 Qg6 23. Kf2 h4 24. g4 h3 25. g3 h2 26.
g5 h1=Q 27. Qg4+ Kb8 28. Rxh1 e3+ 29. Kxe3 Qe4+ 30. Kd2 Qg2+ 31. Qe2 Qxe2+ 32.
Kxe2 Rxh1 33. Rxh1 Bxh1 34. axb6 axb6 35. Nd3 Be4 36. Nb4 c5 37. Ke3 cxb4 38.
Kxe4 bxc3 39. f5 Re8+ 40. Kd3 d5 41. g6 Kc7 42. g4 Kd6 43. g5 Rf8 44. f6 gxf6
45. g7 Rg8 46. gxf6 Ke6 47. f7 Kxf7 48. Kxc3 Rxg7 49. Kb4 Rg4 50. c3 Rg3 51.
Kb3 Ke7 52. Kb4 Kd7 53. Kb3 Kc6 54. Kb4 Rf3 55. c4 dxc4 56. Kxc4 Rf4 57. Kc3
Kd5 58. Kb4 Rxd4+ 59. Kb5 Rc4 60. Kxb6 Rc1 61. Kb7 Kd6 62. Kb8 Kd7 63. Kb7 Rb1+
64. Ka7 Kc7 0-1

[Event "23e tournoi de Noël"]
[Site "Montigny le Bretonneux"]
[Date "2024.12.27"]
[Round "1.17"]
[White "Appavou, Calixte"]
[Black "Nguyen, Bui Nhat Duy"]
[Result "1-0"]
[WhiteElo "1734"]
[BlackElo "1401"]
[Annotator "Rivier,Sylvain"]
[PlyCount "57"]
[EventDate "2024.??.??"]
[WhiteTeam "Saint-Quentin en Yvelines"]
[BlackTeam "Club d'Echecs d'Orsay"]

{Défense française, variante d'avance} 1. e4 e6 2. d4 d5 3. e5 c5 4. c3 Nc6
5. Nf3 Qb6 6. Bd3 Bd7 7. Bc2 Be7 8. a3 f6 9. O-O Rc8 10. dxc5 Bxc5 11. b4 Be7
12. Be3 Qc7 13. exf6 Nxf6 14. h3 e5 15. Bb3 Be6 16. Nbd2 Rd8 17. Rc1 O-O 18.
Ng5 Qd7 19. Nxe6 Qxe6 20. Nf3 Kh8 21. Ng5 Qd7 22. f4 Rc8 23. fxe5 Nxe5 24. Bd4
Nc4 25. Bc2 Ng4 26. Rxf8+ Rxf8 27. Nxh7 Nh6 28. Nxf8 Bxf8 29. Qd3 1-0

[Event "23e tournoi de Noël"]
[Site "Montigny le Bretonneux"]
[Date "2024.12.27"]
[Round "1.18"]
[White "Carbonero, Jean Marc"]
[Black "Arutyunov, Mikael"]
[Result "0-1"]
[WhiteElo "1399"]
[BlackElo "1730"]
[Annotator "Rivier,Sylvain"]
[PlyCount "50"]
[EventDate "2024.??.??"]
[WhiteTeam "La Dame Noire"]
[BlackTeam "Tours et Detours Club d'Echecs Centre Brie"]

{Défense des deux cavaliers} 1. e4 e5 2. Nf3 Nf6 3. Nc3 Nc6 4. Bc4 Nxe4 5. Bd5
Nf6 6. O-O d6 7. Bxc6+ bxc6 8. d3 Be7 9. Bd2 O-O 10. d4 e4 11. Ng5 d5 12. Be3
Ng4 13. h3 Nxe3 14. fxe3 Bxg5 15. Rf2 Bxe3 16. Qe2 Bxf2+ 17. Qxf2 Qf6 18. Qxf6
gxf6 19. Rf1 f5 20. Rf4 Re8 21. b4 e3 22. Kf1 e2+ 23. Ke1 Re3 24. Nxe2 Ba6 25.
Rf2 Rae8 0-1

[Event "23e tournoi de Noël"]
[Site "Montigny le Bretonneux"]
[Date "2024.12.27"]
[Round "1.19"]
[White "Sondermeijer, Antoine"]
[Black "Charlet, Tristan"]
[Result "1-0"]
[WhiteElo "1719"]
[BlackElo "1399"]
[Annotator "Rivier,Sylvain"]
[PlyCount "58"]
[EventDate "2024.??.??"]
[WhiteTeam "Club d'Echecs de Guyancourt"]
[BlackTeam "Club d'Echecs d'Orsay"]

{Ouverture anglaise, variante Nimzo refusée} 1. c4 e6 2. Nc3 Nf6 3. g3 d5 4.
cxd5 exd5 5. Bg2 c6 6. Nf3 Be7 7. O-O O-O 8. a3 Re8 9. d4 Bg4 10. Ne5 Bh5 11.
Bh3 Qc7 12. Qc2 Bd6 13. Bf4 h6 14. Nd3 Nbd7 15. Bxd6 Qxd6 16. Nf4 Bg4 17. Bxg4
Nxg4 18. e4 dxe4 19. Nxe4 Qxd4 20. Rad1 Qxe4 21. Qxe4 Rxe4 22. Rxd7 b6 23. Rc7
Rc4 24. Re1 Rc2 25. Ree7 Rd8 26. Rxf7 Rd1+ 27. Kg2 Re1 28. Rxg7+ Kf8 29. Ng6+
Ke8 1-0

[Event "23e tournoi de Noël"]
[Site "Montigny le Bretonneux"]
[Date "2024.12.27"]
[Round "1.20"]
[White "Leblanc, Didier"]
[Black "Couradin, Jean-Marie"]
[Result "0-1"]
[WhiteElo "1399"]
[BlackElo "1703"]
[Annotator "Rivier,Sylvain"]
[PlyCount "78"]
[EventDate "2024.??.??"]
[WhiteTeam "Saint-Quentin en Yvelines"]
[BlackTeam "La Dame Noire"]

{Défense moderne} 1. e4 d6 2. Nf3 g6 3. Bc4 Bg7 4. O-O Nd7 5. Nc3 e6 6. b3 a6
7. Bb2 b5 8. Bd3 Bb7 9. a3 c5 10. a4 b4 11. Rb1 bxc3 12. dxc3 Ngf6 13. b4 Qc7
14. c4 cxb4 15. Qd2 a5 16. c3 Bxe4 17. Bxe4 Nxe4 18. Qe3 Nxc3 19. Rbe1 O-O 20.
Ra1 Qxc4 21. Nd2 Qd4 22. Nf3 Qxe3 23. fxe3 Nc5 24. Rfd1 Nxd1 25. Rxd1 Bxb2 26.
Rxd6 Nxa4 27. e4 Rfd8 28. e5 Rxd6 29. exd6 Rd8 30. g3 Nc3 31. Kg2 Rxd6 32. Ne5
Rd2+ 33. Kh3 h5 34. Nc4 Re2 35. Nxb2 Rxb2 36. g4 hxg4+ 37. Kxg4 Kg7 38. h3 Ne4
39. h4 f5+ 0-1

[Event "23e tournoi de Noël"]
[Site "Montigny le Bretonneux"]
[Date "2024.12.27"]
[Round "1.21"]
[White "Salagnac, Sowan"]
[Black "Nguyen, Hai Nam"]
[Result "1-0"]
[WhiteElo "1702"]
[BlackElo "1299"]
[Annotator "Rivier,Sylvain"]
[PlyCount "45"]
[EventDate "2024.??.??"]
[WhiteTeam "Saint-Quentin en Yvelines"]
[BlackTeam "Club d'Echecs de Guyancourt"]

{Défense moderne} 1. e4 g6 2. d4 Bg7 3. Nf3 d6 4. Nc3 a6 5. Bc4 b5 6. Bd3 Nd7
7. O-O Bb7 8. Re1 Ngf6 9. e5 dxe5 10. dxe5 Ng4 11. e6 fxe6 12. Rxe6 O-O 13. Be2
Kf7 14. Ng5+ Ke8 15. Bxg4 h5 16. Bxh5 Rf6 17. Bxg6+ Kf8 18. Rxf6+ Bxf6 19. Ne6+
Kg8 20. Nxd8 Rxd8 21. Qh5 Nf8 22. Bf7+ Kg7 23. Bh6+ 1-0

[Event "23e tournoi de Noël"]
[Site "Montigny le Bretonneux"]
[Date "2024.12.27"]
[Round "1.22"]
[White "Rabetrano, Arthur"]
[Black "Fayolle, Guy"]
[Result "0-1"]
[WhiteElo "1299"]
[BlackElo "1696"]
[Annotator "Rivier,Sylvain"]
[PlyCount "58"]
[EventDate "2024.??.??"]
[WhiteTeam "AGJA-Echiquier Aquitaine"]
[BlackTeam "Saint-Quentin en Yvelines"]

{Ouverture du pion dame, défenser est-indienne} 1. d4 Nf6 2. Bf4 g6 3. Nf3 Bg7
4. e3 O-O 5. Bd3 Nd5 6. Be5 f6 7. Bg3 Kh8 8. Nbd2 d6 9. e4 Nb4 10. O-O Nxd3 11.
cxd3 c6 12. Rc1 Qb6 13. Qb3 Qxb3 14. Nxb3 Bd7 15. Rc3 a5 16. a4 Na6 17. Nxa5
Nb4 18. Nc4 Rxa4 19. b3 Ra3 20. h3 f5 21. exf5 Bxf5 22. Re1 Rf7 23. Re3 c5 24.
Re1 cxd4 25. Nxd6 exd6 26. Re8+ Rf8 27. Rxf8+ Bxf8 28. Nxd4 Nd5 29. Rc1 Kg7 0-1

[Event "23e tournoi de Noël"]
[Site "Montigny le Bretonneux"]
[Date "2024.12.27"]
[Round "1.23"]
[White "Longbien, Dominique"]
[Black "Salhi, Clement"]
[Result "0-1"]
[WhiteElo "1682"]
[BlackElo "1299"]
[Annotator "Rivier,Sylvain"]
[PlyCount "168"]
[EventDate "2024.??.??"]
[WhiteTeam "La Dame Noire"]
[BlackTeam "Club du Canal St-Martin Paris"]

{Défense française, variante d'échange} 1. e4 e6 2. d4 d5 3. exd5 exd5 4.
Nf3 Bd6 5. g3 Nf6 6. Bg2 O-O 7. O-O Bg4 8. c3 Nbd7 9. Be3 c6 10. Nbd2 Re8 11.
Nb3 Qc7 12. Qd2 Nb6 13. Bf4 Bxf4 14. Qxf4 Qxf4 15. gxf4 Nh5 16. Ne5 Bf5 17. Nc5
Rab8 18. Ned3 Nc4 19. Bf3 b6 20. Bxh5 bxc5 21. Ne5 Nxe5 22. fxe5 Rxb2 23. Rfe1
cxd4 24. cxd4 Rd2 25. Red1 Rc2 26. Rdc1 Rd2 27. Rxc6 Rxd4 28. Rc7 g6 29. Bf3 a6
30. Rc6 Rxe5 31. Rxa6 Rd3 32. Kg2 Be4 33. Bxe4 Rxe4 34. Rf6 Kg7 35. Rf3 Rd2 36.
a4 Ree2 37. a5 Ra2 38. Rc1 f5 39. Rc5 Red2 40. Kg3 Kf6 41. Rc6+ Ke5 42. a6 d4
43. Rb3 Rxf2 44. Rb5+ Ke4 45. Re6+ Kd3 46. a7 Rg2+ 47. Kh3 Rxh2+ 48. Kg3 Rhg2+
49. Kh3 Rgc2 50. Rb7 Kd2 51. Re8 Rc3+ 52. Kh4 Rca3 53. Ree7 Kd1 54. Rb1+ Kc2
55. Rbb7 Kc1 56. Rxh7 d3 57. Kg5 d2 58. Rbc7+ Rc2 59. Rxc2+ Kxc2 60. Rc7+ Kd1
61. Rg7 Rg3+ 62. Kf4 Rg4+ 63. Kf3 Ra4 64. Rf7 Kc1 65. Rc7+ Kd1 66. Kf2 g5 67.
Rd7 g4 68. Rb7 f4 69. Rf7 g3+ 70. Kf3 Ra3+ 71. Kg2 Ke1 72. Re7+ Kd1 73. Rf7 Kc1
74. Rc7+ Kb1 75. Rb7+ Ka1 76. Rd7 Ra2 77. Kg1 f3 78. Rxd2 Rxa7 79. Rd3 Rf7 80.
Kf1 Kb2 81. Rd8 Rc7 82. Rd1 Rc1 83. Rxc1 Kxc1 84. Ke1 g2 0-1